000 nam a22 a 4500
999 _c2887
_d2887
005 20170518145509.0
008 170518b1983 mau||||| |||| 00| 0 eng d
020 _a0395326206
040 _aAKMAL
082 _a658 KRE
090 _a658
_bKRE
100 _aKreitner, Robert.
_96070
245 1 0 _aManagement /
_cRobert Kreitner.
250 _a2nd ed.
260 _aBoston
_bHoughton Mifflin
_cc1983.
300 _axx, 667 p.
_bill.
_c25cm
500 _aRev. ed. of: Management, a problem-solving process. c1980.
504 _aIncludes bibliographical references and indexes.
650 _aManagement.
_91462
942 _2ddc
_cBOOK